| 000 | 01017nam a22002057a 4500 | ||
|---|---|---|---|
| 999 |
_c8561 _d8561 |
||
| 003 | GBCCL | ||
| 005 | 20241126110653.0 | ||
| 008 | 210408b ||||| |||| 00| 0 eng d | ||
| 020 | _a9781565635760 | ||
| 020 | _a1565635760 | ||
| 040 | _cGBC | ||
| 082 |
_a487.4 _bROB |
||
| 100 |
_aRobinson, Thomas A _d1951- _915087 |
||
| 245 |
_aMastering New Testament Greek : _bessential tools for students / _cThomas A Robinson |
||
| 260 |
_aPeabody, Mass. : _bHendrickson, _c©2007. |
||
| 300 |
_a230 pages ; _c24 cm _e+ 1 CD-ROM (4 3/4 in.) |
||
| 505 | _a Identical Greek/English words -- Cognate groups -- Explanation of Greek prefixes and suffixes -- Identical Greek/English prefixes and suffixes -- Derived English words -- Mini Greek-English cognate dictionary -- Prepositions & cases -- Appendix 1: Grimm's law -- Appendix 2: Common pronouns, adjectives, and adverbs. | ||
| 650 |
_aBible. -- New Testament -- Language, style. Bible. -- New Testament. Greek language, Biblical -- Vocabulary. _915088 |
||
| 942 |
_2ddc _cBK |
||